Werner Bergengruen : Schriftstellerexistenz in der Diktatur : Aufzeichnungen und Reflexionen zu Politik, Geschichte und Kultur 1940 bis 1963 /

Bibliographic Details
Other Authors: Kroll, Frank-Lothar, (Editor), Hackelsberger, Luise N., (Editor), Taschka, Sylvia, (Editor)
Format: eBook
Language:German
Published: Munchen : R. Oldenbourg Verlag, 2005.
Series:Biographische Quellen zur Zeitgeschichte ; Band 22.
Subjects:
Online Access:Click to View
LEADER 01875nam a2200433 i 4500
001 EBC3046057
003 MiAaPQ
005 20200520144314.0
006 m o d |
007 cr cnu||||||||
008 140722s2005 gw ob 001 0dger|d
020 |z 9783486200232 
020 |a 9783486707823 (e-book) 
035 |a (MiAaPQ)EBC3046057 
035 |a (Au-PeEL)EBL3046057 
035 |a (CaPaEBR)ebr10891523 
035 |a (CaONFJC)MIL610902 
035 |a (OCoLC)922949712 
040 |a MiAaPQ  |b eng  |e rda  |e pn  |c MiAaPQ  |d MiAaPQ 
050 4 |a PT2603.E59  |b W47 2005 
245 0 0 |a Werner Bergengruen :  |b Schriftstellerexistenz in der Diktatur : Aufzeichnungen und Reflexionen zu Politik, Geschichte und Kultur 1940 bis 1963 /  |c herausgegeben von Frank-Lothar Kroll, N. Luise Hackelsberger und Sylvia Taschka. 
264 1 |a Munchen :  |b R. Oldenbourg Verlag,  |c 2005. 
300 |a 1 online resource (308 pages). 
336 |a text  |2 rdacontent 
337 |a computer  |2 rdamedia 
338 |a online resource  |2 rdacarrier 
490 1 |a Biographische Quellen zur Zeitgeschichte ;  |v Band 22 
504 |a Includes bibliographical references and index. 
588 |a Description based on online resource; title from PDF title page (ebrary, viewed July 22, 2014). 
590 |a Electronic reproduction. Ann Arbor, MI : ProQuest, 2015. Available via World Wide Web. Access may be limited to ProQuest affiliated libraries. 
600 1 0 |a Bergengruen, Werner,  |d 1892-1964. 
650 0 |a Authors, German  |v Biography. 
655 4 |a Electronic books. 
700 1 |a Kroll, Frank-Lothar,  |e editor. 
700 1 |a Hackelsberger, Luise N.,  |e editor. 
700 1 |a Taschka, Sylvia,  |e editor. 
797 2 |a ProQuest (Firm) 
830 0 |a Biographische Quellen zur Zeitgeschichte ;  |v Band 22. 
856 4 0 |u https://ebookcentral.proquest.com/lib/matrademy/detail.action?docID=3046057  |z Click to View